Biggest Settlements in the West Midlands of England - Statistics

General Stats
  • This quiz has been taken 625 times
  • The average score is 5 of 10
Answer Stats
Hint Answer % Correct
2,284,093 Birmingham
99%
251,462 Wolverhampton
81%
303,475 Coventry
75%
194,619 Dudley
59%
170,994 Walsall
57%
136,940 West Bromwich
52%
94,753 Solihull
47%
105,452 Sutton Coldfield
29%
55,480 Stourbridge
26%
55,273 Halesowen
19%
No matching quizzes found
Score Distribution
Percent of People with Each Score
Percentile by Number Answered
Your Score History
You have not taken this quiz